| 000 | 00771nam a22002657a 4500 | ||
|---|---|---|---|
| 001 | 000692 | ||
| 003 | DO-SdBNP | ||
| 005 | 20160920113152.0 | ||
| 007 | 000692 | ||
| 008 | 151217b 1991 xxu c 00| 0 spa d | ||
| 020 | _a0865737371 (pasta dura) | ||
| 020 | _a0865737169 | ||
| 020 | _a0865737177 | ||
| 040 |
_aBPMSU _bspa _cBPMSU |
||
| 092 |
_axxxxx _bxxxxx |
||
| 245 | 0 | 0 | _aTécnicas e ideas para equipar su taller / |
| 260 |
_aEstados Unidos : _bLimusa - Noriega editores, _bBlack & Decker, _c1991. |
||
| 300 |
_a128 p. : _bretrato _c27 cm. |
||
| 490 | 0 | _aBlack & Decker para el arreglo de la casa | |
| 500 | _aIncluye índice. | ||
| 830 | 0 | _aBlack & Decker para el arreglo de la casa | |
| 910 | _a00260 | ||
| 942 |
_2ddc _cBK |
||
| 956 |
_aYngrid Lockward _b10 |
||
| 999 |
_c11463 _d11463 |
||